| 000 | 00534nam a2200205Ia 4500 | ||
|---|---|---|---|
| 003 | OSt | ||
| 005 | 20230511153341.0 | ||
| 008 | 210423s1983 xx 000 0 und d | ||
| 040 | _cAL | ||
| 041 | _aeng | ||
| 082 |
_a910.3 _223 _bGOVK |
||
| 100 |
_aGOVERNMENT OF KARNATAKA _9103710 |
||
| 245 | _aKarnataka state gazetteers part II | ||
| 260 |
_aBangalore _bGovernment Of Karnataka _c1983 |
||
| 300 |
_a1444+ _bHB |
||
| 365 | _cINR | ||
| 650 |
_aGeography _9103711 |
||
| 906 | _agazetteers ; Karnataka ; state | ||
| 942 |
_2ddc _cBK |
||
| 999 |
_c172082 _d172082 |
||